[Event "Qazvin op (Women) 18th"]
[Site "Qazvin"]
[Date "2015.08.14"]
[Round "1"]
[White "Saeidpour, Mona"]
[Black "Khorshidi, Yegane"]
[Result "1-0"]
[WhiteElo "1919"]
[BlackElo "1406"]
[PlyCount "69"]
[EventDate "2015.08.14"]
[EventType "swiss"]
[EventRounds "11"]
[EventCountry "IRI"]
[SourceTitle "EXT 2016"]
[Source "ChessBase"]
[SourceDate "2015.10.08"]
[SourceVersion "1"]
[SourceVersionDate "2015.10.08"]
[SourceQuality "1"]

1. d4 Nf6 2. c4 c5 3. e3 e6 4. Nc3 cxd4 5. exd4 d5 6. Nf3 g6 7. Bg5 Bg7 8. cxd5 exd5 9. Bb5+ Nc6 10. Ne5 Qb6 11. 0-0 0-0 12. Bxc6 bxc6 13. Na4 Qb5 14. Rc1 Ne4 15. Be3 Re8 16. f3 Nd6 17. Bf4 Bxe5 18. Bxe5 Nc4 19. Re1 Nxe5 20. dxe5 Bb7 21. Rc5 Qb4 22. g3 Ba6 23. a3 Qb8 24. Qd4 Bb7 25. Rc3 Qd8 26. Rce3 Qa5 27. Nc5 Qc7 28. e6 fxe6 29. Rxe6 Rxe6 30. Rxe6 Rf8 31. Qe3 Bc8 32. Re7 Qb6 33. b4 Qb5 34. Qh6 Rf7 35. Re8+ 1-0